Landen van de Wereld door dichtstbijzijnde land die het niet aanraakt - Statistieken

Algemene statistieken
  • Deze quiz is 40 keer genomen
  • De gemiddelde score is 56 van 196
Antwoorden op de kaart
Antwoorden kleurgecodeerd door een groen-rode schaal op de quizkaart volgens % correct hieronder.
 
Antwoordstatistieken
Country % Correct
Verenigde Staten
87%
Rusland
77%
Nederland
73%
China
63%
Australië
60%
Canada
60%
Brazilië
57%
Duitsland
57%
Frankrijk
53%
Japan
53%
Italië
47%
Spanje
47%
Verenigd Koninkrijk
47%
Denemarken
43%
Zweden
43%
India
40%
Nieuw Zeeland
40%
Polen
40%
Indonesië
37%
Kroatië
37%
Algerije
33%
Griekenland
33%
Mongolië
33%
Saoedi-Arabië
33%
Bulgarije
30%
Estland
30%
Iran
30%
Kazachstan
30%
Bosnië enHerzegovina
27%
Bosnië en Herzegovina
27%
Colombia
27%
Cuba
27%
Egypte
27%
Finland
27%
Jemen
27%
Luxemburg
27%
Marokko
27%
Roemenië
27%
Venezuela
27%
Albanië
23%
Bahama's
23%
Cyprus
23%
Jordanië
23%
Liechtenstein
23%
Mali
23%
Namibië
23%
Nepal
23%
Nicaragua
23%
Paraguay
23%
Servië
23%
Sri Lanka
23%
Turkmenistan
23%
Afghanistan
20%
Bahrein
20%
Bangladesh
20%
El Salvador
20%
Fiji
20%
Hongarije
20%
Ivoorkust
20%
Kiribati
20%
Kosovo
20%
Monaco
20%
Pakistan
20%
Slovenië
20%
Thailand
20%
Uruguay
20%
Vietnam
20%
Belize
17%
Burundi
17%
Ghana
17%
Honduras
17%
Kameroen
17%
Kirgizië
17%
Maleisië
17%
Marshall Eilanden
17%
Montenegro
17%
Nauru
17%
Nigeria
17%
Oeganda
17%
Qatar
17%
Slowakije
17%
Tsjaad
17%
Azerbeidzjan
13%
Benin
13%
Comoren
13%
Costa Rica
13%
Djibouti
13%
eSwatini
13%
Gambia
13%
Kenia
13%
Lesotho
13%
Mauritius
13%
Myanmar
13%
Papua Nieuw Guinea
13%
San marino
13%
Singapore
13%
Tadzjikistan
13%
Zambia
13%
Zimbabwe
13%
Zuid Soedan
13%
Angola
10%
Botswana
10%
Gabon
10%
Koeweit
10%
Saint Kitts en Nevis
10%
Saint Lucia
10%
Saint Vincent en deGrenadines
10%
Senegal
10%
Sierra Leone
10%
Grenada
7%
Trinidad en Tobago
7%
Equatoriaal Guinea
3%
Guinee-Bissau
3%
F. S. Micronesië
0%
Noord-Macedonia
0%
Türkiye
0%
Geen overeenkomende quizzen gevonden
Scoreverdeling
Procent van Mensen met Elke Score
Percentiel versus Aantal Correcte Antwoorden
Uw Scoregeschiedenis
U heeft deze quiz nog niet genomen